000 00595nam a22002172i 4500
001 21727
003 BD-RjUL
005 20211209000724.0
008 140305s1955 enk 000 0 eng d
035 _a(BD-RjUL)
040 _aHRM
_cHRM
_dEQO
_dBD-RjUL
_beng
041 _aeng
082 _a914.436
_bBUA
090 _aDC737
_b.B8 1955
100 1 _aBuchwald, Art.
_967087
245 1 0 _aArt Buchwald's Paris /
_cArt Buchwald
260 _aLondon :
_bChatto & Windus,
_c1955.
300 _a143 p. :
_billus. ;
_c21 cm
651 0 _aParis (France)
_xDescription and travel
_967088
942 _2ddc
_cBK
999 _c21727
_d21727